00925nam a2200253 i 45000010005000000030009000050050017000140070003000310080041000340200044000750200031001190800021001500800011001710800011001821000029001932450050002222600135002723000022004075000018004296000042004478520045004899990015005349520122005495683ES-MaACL20250828144016.0t|890420s1981 sp ||||1| spa d a2-7246-0442-3 (F.N.Sciences Politiques) a2-7606-0526-4 (U.Montreal) a301.199 Durkheim a301:32 a32:3011 aLacroix, Bernard.96940410aDurkheim et le politique / cBernard Lacroix. aParis : bPresses de la Fondation Nationale des Sciences Politiques ; Montreal : Presses de l'Universite de Montreal, ccop. 1981. a324 p. ; c22 cm. aBibliografia.14aDurkheim, Émile, d1858-1917946302 aES-MaACLjL-12610 bR.116332 z. - rust. c5683d5683 00104070aATENEOMbATENEOMcDEPO2d2008-01-17eSCl0oL-12610p1005764r2023-02-23 00:00:00w2023-02-23yMONOGRAFIA